000 00517nam a2200193 a 4500
001 1768898037759
003 YourLibrary
005 20260120141623.0
008 260120s2006##################000#0#eng##
020 _a9781412909006
082 0 4 _a303.375
_bJOW
100 1 _aJowett, Garth S.,
_eauthor.
245 1 0 _aReadings in Propaganda and Persuasion :
260 _bSAGE,
_c2006.
300 _a305 pages
650 0 _aLanguage Arts & Disciplines.
942 _cENGLISH
040 _aYourLibrary
_beng
_cYourLibrary
999 _c608698
_d608698